Statistics for Call of Duty: Black Ops 3 - Ultimate Multiplayer Quiz

Click here to take the quiz!

General Stats

  • This quiz has been taken 80 times
  • The average score is 75 of 226

Answer Stats

HintAnswer% Correct
Assault RiflesKN-44
76%
Sniper RiflesLocus
76%
Submachine GunsKuda
74%
Submachine GunsVesper
70%
Assault RiflesMan-O-War
69%
Submachine GunsVMP
69%
PistolsRK5
67%
Sniper RiflesSVG-100
67%
Shotguns205 Brecci
66%
Light Machine GunsBRM
63%
ShotgunsArgus
60%
Sniper RiflesDrakon
60%
Light Machine GunsDingo
59%
Light Machine GunsGorgon
59%
ShotgunsHaymaker 12
59%
ShotgunsKRM-262
59%
Multiplayer MapsNuk3town
59%
Submachine GunsPharo
57%
ScorestreaksUAV
57%
Assault RiflesM8A7
56%
Submachine GunsRazorback
56%
Light Machine Guns48 Dredge
54%
MeleesCombat Knife
54%
PistolsMR6
54%
LaunchersXM-53
53%
Assault RiflesICR-1
51%
ScorestreaksR.A.P.S.
51%
Assault RiflesSheiva
51%
ScorestreaksCounter-UAV
50%
ScorestreaksHC-XD
49%
Assault RiflesHVK-30
49%
LethalSemtex
49%
Assault RiflesXR-2
49%
Multiplayer MapsCombine
47%
ScorestreaksH.A.T.R.
47%
PistolsL-CAR 9
47%
Sniper RiflesP-06
47%
Perk 2Scavenger
47%
LethalC4
46%
ScorestreaksCare Package
46%
Specialist WeaponGravity Spikes
46%
ScorestreaksHellstorm
46%
ScorestreaksMothership
46%
Multiplayer MapsRedwood
46%
Specialist WeaponRipper
46%
Submachine GunsWeevil
46%
LaunchersBlackcell
44%
AttachmentsExtended Mag
44%
AttachmentsGrip
44%
Specialist WeaponH.I.V.E.
44%
Specialist WeaponTempest
44%
TacticalConcussion
43%
AttachmentsFast Mag
43%
Multiplayer MapsFringe
43%
Specialist AbilityHeat Wave
43%
ScorestreaksLightning Strike
43%
Pistols (DLC)Marshal 16
43%
Specialist WeaponWar Machine
43%
TacticalFlashbang
41%
LethalFrag
41%
OpticsELO
40%
TacticalEMP Grenade
40%
ScorestreaksGuardian
40%
Specialist AbilityOverdrive
40%
OpticsReflex Sight
40%
SpecialistRuin
40%
Specialist WeaponScythe
40%
ScorestreaksWraith
40%
Pistols (DLC)1911
39%
Specialist AbilityActive Camo
39%
LethalCombat Axe
39%
SpecialistFirebreak
39%
Specialist AbilityGlitch
39%
SpecialistNomad
39%
SpecialistOutrider
39%
Specialist WeaponSparrow
39%
AttachmentsStock
39%
Specialist WeaponAnnihilator
37%
AttachmentsFMJ
37%
ScorestreaksGI Unit
37%
Multiplayer MapsHunted
37%
Specialist AbilityKinetic Armor
37%
Shotguns (DLC)Olympia
37%
Assault Rifles (DLC)Peacekeeper MK2
37%
SpecialistSeraph
37%
Submachine Guns (DLC)XMC
37%
Multiplayer MapsBreach
36%
Multiplayer MapsExodus
36%
Perk 1Ghost
36%
Multiplayer MapsInfection
36%
WildcardsOverkill
36%
ScorestreaksPower Core
36%
Specialist AbilityPsychosis
36%
Specialist WeaponPurifier
36%
AttachmentsQuickdraw
36%
Specialist AbilityRejack
36%
SpecialistSpectre
36%
AttachmentsSuppressor
36%
SpecialistBattery
34%
ScorestreaksDart
34%
Multiplayer MapsHavoc
34%
Multiplayer MapsMetro
34%
SpecialistReaper
34%
Multiplayer MapsStronghold
34%
LethalTrip Mine
34%
Shotguns (DLC)Banshii
33%
Assault Rifles (DLC)M16
33%
AttachmentsRapid Fire
33%
Multiplayer MapsRift
33%
ScorestreaksTalon
33%
Multiplayer MapsAquarium
31%
TacticalBlack Hat
31%
OpticsBOA 3
31%
ScorestreaksCerberus
31%
Perk 3Dead Silence
31%
Multiplayer MapsEvac
31%
Assault Rifles (DLC)FFAR
31%
AttachmentsHigh Caliber
31%
Launchers (DLC)L4 Siege
31%
SpecialistProphet
31%
Light Machine Guns (DLC)R70 Ajax
31%
Light Machine Guns (DLC)RPK
31%
Specialist AbilityVision Pulse
31%
Specialist AbilityCombat Focus
30%
AttachmentsLong Barrel
30%
Assault Rifles (DLC)MX Garand
30%
WildcardsPerk 1 Greed
30%
WildcardsPerk 2 Greed
30%
WildcardsPerk 3 Greed
30%
ScorestreaksRolling Thunder
30%
Sniper Rifles (DLC)RSA Interdiction
30%
LethalThermite
30%
Special (DLC)Ballistic Knife
29%
Perk 2Fast Hands
29%
Perk 1Flak Jacket
29%
Submachine Guns (DLC)HG 40
29%
WildcardsPrimary Gunfighter
29%
TacticalShock Charge
29%
Multiplayer MapsSkyjacked
29%
Perk 3Tactical Mask
29%
OpticsThermal
29%
TacticalTrophy System
29%
Assault Rifles (DLC)Galil
27%
Submachine Guns (DLC)PPSh
27%
Pistols (DLC)Rift E9
27%
WildcardsSecondary Gunfighter
27%
OpticsVarix 3
27%
Perk 1Afterburner
26%
Sniper Rifles (DLC)DBSR-50
26%
ScorestreaksHardened Sentry
26%
Melee (DLC)L3FT.E
26%
Special (DLC)NX ShadowClaw
26%
TacticalSmoke Screen
26%
Submachine Guns (DLC)Sten
26%
Submachine Guns (DLC)AK-74u
24%
Perk 2Cold-Blooded
24%
Special (DLC)D13 Sector
24%
Submachine Guns (DLC)DIY 11 Renovator
24%
Multiplayer MapsFringe Nightfall
24%
Assault Rifles (DLC)KVK 99m
24%
Melee (DLC)MVP
24%
OpticsRecon Sight
24%
Perk 3Awareness
23%
SpecialistBlackjack
23%
Perk 3Gung-Ho
23%
AttachmentsLaser Sight
23%
Assault Rifles (DLC)LV8 Basilisk
23%
Launchers (DLC)MAX-GL
23%
Perk 3Blast Suppressor
21%
Perk 3Engineer
21%
Perk 1Sixth Sense
21%
Multiplayer MapsSplash
21%
Sniper Rifles (DLC)XPR-50
21%
Melee (DLC)Butterfly Knife
20%
Perk 2Hard Wired
20%
Multiplayer MapsMicro
20%
Melee (DLC)Prizefighters
20%
Multiplayer MapsRedwood Snow
20%
Melee (DLC)Wrench
20%
Perk 2Ante Up
19%
Melee (DLC)Brass Knuckles
19%
Multiplayer MapsEmpire
19%
Melee (DLC)Fury's Song
19%
Submachine Guns (DLC)HLX 4
19%
Multiplayer MapsRise
19%
Perk 1Blind Eye
17%
WildcardsDanger Close
17%
Melee (DLC)Malice
17%
Perk 1Overclock
17%
WildcardsTactician
17%
Perk 2Tracker
17%
AttachmentsBallistics CPU
16%
Melee (DLC)Bushwhacker
16%
Melee (DLC)Carver
16%
Sniper Rifles (DLC)Dragoon
16%
Multiplayer MapsFiring Range
16%
Multiplayer MapsGauntlet
16%
Assault Rifles (DLC)M14
16%
Multiplayer MapsOutlaw
16%
Melee (DLC)Path of Sorrows
16%
Melee (DLC)Raven's Eye
16%
Multiplayer MapsJungle
14%
Multiplayer MapsKnockout
14%
Melee (DLC)Nunchucks
14%
Multiplayer MapsRupture
14%
Melee (DLC)Skull Splitter
14%
Multiplayer MapsBerserk
13%
Melee (DLC)Iron Jim
13%
Specialist WeaponRogue
13%
Multiplayer MapsRumble
13%
Melee (DLC)Buzz Cut
11%
Multiplayer MapsCitadel
11%
AttachmentsDual Wield
11%
Specialist AbilityGambler
11%
Melee (DLC)Slash N' Burn
11%
Multiplayer MapsSlums
11%
Multiplayer MapsSummit
11%
Multiplayer MapsVerge
11%
Melee (DLC)Ace of Spades
10%
Multiplayer MapsCryogen
10%
Melee (DLC)Enforcer
10%
Multiplayer MapsSpire
10%
Melee (DLC)Nightbreaker
9%
AttachmentsTri-Bolt
9%
AttachmentsBayonet
4%
OpticsLRx3
4%

Score Distribution

Percentile by Number Answered

Percent of People with Each Score

Your Score History

You have not taken this quiz